00826nam a2200265 a 4500003000900000005001700009008004100026040001300067100002100080245003100101250001200132260002800144300002000172490003000192500007500222500007700297650001200374650001900386650002200405650002400427653001800451655001500469700003800484700003800522AR-BaBNM20251128203157.0082120s2002 ||||||||||||||000 | spa|| cAR-BaBNM1 aEspriu, Salvador00aPrimera historia de Esther a1ª ed. aBarcelonabAymác1968 a121 p.bláms. 0aVoz imagen. Teatrovv. 16 aContiene una entrevista al autor realizada por Román Gubernen p. 107 aComentarios sobre la obra de Salvador Espriu por Pedro Altares en p. 119 4aCATALAN 4aTEATRO ESPANOL 4aCRITICA LITERARIA 4aCULTURAS LITERARIAS aTEATRO SOCIAL aLITERATURA1 aDoménech, Ricardoecomentarista1 aHernández, Santosecomentarista